| 000 | 00559nam a2200229 a 4500 | ||
|---|---|---|---|
| 001 | nice12345678 | ||
| 003 | IN_TiNIC | ||
| 005 | 20260116014746.0 | ||
| 008 | 070413s2003 lona grp 000 0 eng | ||
| 020 |
_a1904292283 _c495 |
||
| 082 | 0 | 0 |
_a158.12 _bGFO |
| 100 | _aGeorge, Milk | ||
| 245 | _aLearn to Find Inner Peace | ||
| 260 |
_aLondon _bDuncan Baird Publishers _c2003 |
||
| 300 | _a160p | ||
| 500 | _aincludes index and biblioraphy | ||
| 650 | _aMediation | ||
| 700 | 1 | _aGeorge, Milk | |
| 902 | _bSRS | ||
| 942 | _cBK | ||
| 999 |
_c16812 _d16812 |
||